这些5A景区在哪里?#35~37 Where are these 5A scenic spots located? - Statistics

General Stats
  • This quiz has been taken 36 times
  • The average score is 24 of 43
Answer Stats
景点 地市 % Correct
庐山西海景区 九江
94%
(福建)湄洲岛妈祖文化旅游区 莆田
91%
(陕西)**革命纪念地景区 延安
91%
圆明园景区 北京
91%
(甘肃)七彩丹霞景区 张掖
85%
稻城亚丁旅游景区 甘孜
82%
(吉林)高句丽文物古迹旅游景区 通化
79%
(广西)涠洲岛南湾鳄鱼山景区 北海
79%
黄河口生态旅游区 东营
76%
洪泽湖湿地景区 宿迁
73%
(江西)武功山景区 萍乡
73%
帕米尔旅游区 喀什
70%
大明宫旅游景区 西安
70%
惠山古镇景区 无锡
67%
清西陵景区 保定
67%
(广西)**起义纪念园景区 百色
64%
开平碉楼文化旅游区 江门
64%
缙云仙都景区 丽水
64%
黔江区濯水景区 重庆
61%
(辽宁)红海滩风景廊道景区 盘锦
61%
桃花源旅游区 常德
61%
(浙江)刘伯温故里景区 温州
58%
赤水丹霞旅游区 遵义
55%
(河北)金山岭长城景区 承德
55%
(云南)普者黑旅游景区 文山
52%
(内蒙古)胡杨林旅游区 阿拉善
52%
长江采石矶文化生态旅游区 马鞍山
52%
镇远古城旅游景区 黔东南
48%
壶关太行山大峡谷八泉峡景区 长治
45%
古隆中景区 襄阳
42%
(四川)光雾山旅游景区 巴中
36%
(广东)星湖旅游景区 肇庆
36%
(甘肃)炳灵寺世界文化遗产旅游区 临夏
36%
(青海)阿咪东索景区 海北
36%
(黑龙江)虎头旅游景区 鸡西
33%
炎帝陵景区 株洲
33%
(山东)萤火虫水洞·地下大峡谷旅游区 临沂
33%
彭水县阿依河景区 重庆
33%
(四川)碧峰峡旅游景区 雅安
27%
(湖北)腾龙洞景区 恩施
27%
(河南)八里沟景区 新乡
21%
世界魔鬼城景区 克拉玛依
21%
(山西)云丘山景区 临汾
18%
No matching quizzes found
Score Distribution
Percent of People with Each Score
Percentile by Number Answered
Your Score History
You have not taken this quiz